Analytical mechanics of gears. (Record no. 545955)
[ view plain ]
| 000 -LEADER | |
|---|---|
| fixed length control field | 00539cam a22001571 4500 |
| 082 ## - DEWEY DECIMAL CLASSIFICATION NUMBER | |
| Classification number | 621.83 |
| Author Mark | BUC |
| -- | L-13, P-2 |
| 100 1# - MAIN ENTRY--PERSONAL NAME | |
| Personal name | Buckingham, Earle, |
| 9 (RLIN) | 41938 |
| 245 10 - TITLE STATEMENT | |
| Title | Analytical mechanics of gears. |
| 260 ## - PUBLICATION, DISTRIBUTION, ETC. | |
| Place of publication, distribution, etc. | New York, |
| Name of publisher, distributor, etc. | Dover Publications |
| Date of publication, distribution, etc. | [1963, c1949] |
| 300 ## - PHYSICAL DESCRIPTION | |
| Extent | ix, 546 p. |
| Other physical details | diagrs. |
| Dimensions | 22 cm. |
| 500 ## - GENERAL NOTE | |
| General note | "An unabridged and corrected republication of the work first published ... in 1949." |
| 526 ## - STUDY PROGRAM INFORMATION NOTE | |
| Program name | 0 |
| Interest level | 0 |
| Reading level | 0 |
| Title point value | 621_830000000000000_BUC |
| 650 #0 - SUBJECT ADDED ENTRY--TOPICAL TERM | |
| Topical term or geographic name entry element | Gearing. |
| 9 (RLIN) | 41939 |
| 650 #0 - SUBJECT ADDED ENTRY--TOPICAL TERM | |
| Topical term or geographic name entry element | Mechanics, Applied. |
| 9 (RLIN) | 13090 |
| 942 ## - ADDED ENTRY ELEMENTS (KOHA) | |
| Source of classification or shelving scheme | |
| Koha item type | Book |
| Withdrawn status | Lost status | Source of classification or shelving scheme | Damaged status | Not for loan | Permanent Location | Current Location | Date acquired | Total Checkouts | Full call number | Barcode | Date last seen | Price effective from | Koha item type |
|---|---|---|---|---|---|---|---|---|---|---|---|---|---|
| Military College of Engineering (MCE) | Military College of Engineering (MCE) | 05/30/2014 | 621.83 BUC | MCE-30360 | 05/30/2014 | 05/30/2014 | Book |
